Starting a career (Record no. 20693)

MARC details
000 -LEADER
fixed length control field 00478nam a2200169Ia 4500
082 ## - DEWEY DECIMAL CLASSIFICATION NUMBER
Classification number 331.702 CAR-S
100 ## - MAIN ENTRY--AUTHOR NAME
Personal name Carpenter, Peter G
245 #0 - TITLE STATEMENT
Title Starting a career
260 ## - PUBLICATION, DISTRIBUTION, ETC. (IMPRINT)
Place of publication Australia
Name of publisher Australian Council for Educational Resea
Year of publication 1989
300 ## - PHYSICAL DESCRIPTION
Number of Pages 102p.
650 ## - SUBJECT ADDED ENTRY--TOPICAL TERM
Topical Term Vocational guidance
650 ## - SUBJECT ADDED ENTRY--TOPICAL TERM
Topical Term Vocational interests - Longitudinal studies
650 ## - SUBJECT ADDED ENTRY--TOPICAL TERM
Topical Term Student aspirations - Longitudinal studies
650 ## - SUBJECT ADDED ENTRY--TOPICAL TERM
Topical Term Youth
700 ## - ADDED ENTRY--PERSONAL NAME
Personal name Western, John S
942 ## - ADDED ENTRY ELEMENTS (KOHA)
Koha item type Books
Holdings
Withdrawn status Lost status Damaged status Not for loan Home library Current library Date acquired Bill Date Full call number Accession Number Price effective from Koha item type
        NASSDOC Library NASSDOC Library 08/06/2004 2004-10-22 331.702 CAR-S 29906 18/04/2019 Books